000 00610cab a2200205 4500
001 WB2627-46
008 090401t1990 xxu||||| |||| 00| 0 eng d
035 _a(Sirsi) u9685
041 _aeng
245 _aM6 toll road
260 _c1990
350 _a0
490 _aFinancial Times
_v11/7/90 p22 Department of Transport press release
520 _aFour parties have put forward plans for a privately-funded toll road along the M6 route from Birmingham to Manchester .
650 _aFUNDING
650 _aPRIVATE SECTOR
690 _aTRANSPORT AND COMMUNICATIONS
942 _n0
948 _c04/03/1997
999 _c6080
_d6080